Ríos internacionales: caso del Lauca
Saved in:
| Hovedforfatter: | |
|---|---|
| Format: | Bog |
| Sprog: | spansk |
| Udgivet: |
Santiago
Universidad Católica de Chile
1964
|
| Serier: | Apartado de los Anales de la Facultad de Ciencias Jurídicas, Políticas y Sociales
|
| Fag: | |
| Tags: |
Tilføj Tag
Ingen Tags, Vær først til at tagge denne postø!
|
MARC
| LEADER | 00000nam a2200000 a 4500 | ||
|---|---|---|---|
| 001 | UCP9347 | ||
| 003 | CL-VaPUC | ||
| 008 | 000324e19640000CL |||||||||||||||||spa|d | ||
| 082 | 0 | 4 | |a 341.42 |b MEL |2 21 |
| 100 | |a Melo Lecaros, Luis |e autor |9 492872 | ||
| 245 | 1 | 0 | |a Ríos internacionales: caso del Lauca |
| 300 | |a pag. irreg | ||
| 942 | |c BK | ||
| 945 | |d 20000324 00:00:00 |a crobeson | ||
| 260 | |a Santiago |b Universidad Católica de Chile |c 1964 | ||
| 650 | 7 | |a PROBLEMAS LIIMITROFES |2 CL-VaPUC |9 439857 | |
| 650 | 7 | |a DERECHOS TERRITORIALES |2 CL-VaPUC |9 266725 | |
| 650 | 0 | |a Derecho internacional |9 255637 | |
| 651 | 7 | |a RIO LAUCA |2 CL-VaPUC |9 436292 | |
| 583 | |a last modification |c 20000324 00:00:00 |k Rodrigo Vera | ||
| 490 | 0 | |a Apartado de los Anales de la Facultad de Ciencias Jurídicas, Políticas y Sociales | |
| 999 | |c 286170 |d 286168 | ||
| 952 | |0 0 |1 0 |4 0 |6 341_420000000000000_MEL_1964 |7 0 |8 A |9 331654 |a BIBHIS |b BIBHIS |d 2019-11-20 |i 1391917 |o 341.42 MEL 1964 |p 1391917 |r 2025-01-20 |w 2019-11-20 |y BK |k HIS | ||